|
|
|
|
| LEADER |
01208nam a2200361 4500 |
| 001 |
DLU130146949 |
| 005 |
##20130415 |
| 040 |
# |
# |
|a DLU
|b vie
|
| 041 |
# |
# |
|a vie
|
| 044 |
# |
# |
|a vn
|
| 082 |
# |
# |
|a 658.834 3
|b EA-M
|
| 100 |
# |
# |
|a Earls, Mark.
|
| 245 |
# |
# |
|a Tâm lý bầy đàn :
|b Khám phá bản chất con người để thay đổi hành vi đám đông /
|c Mark Earls; Hoàng Trung, Minh Thu dịch giả.
|
| 260 |
# |
# |
|a TP. HCM :
|b Tổng hợp,
|c 2012.
|
| 300 |
# |
# |
|a 469 tr. ;
|c 24 cm.
|
| 505 |
# |
# |
|a Phần 1. "Giống-loài-chúng-ta" và sự ảo tưởng -- Phần 2. Bảy nguyên tắc của phương pháp tiếp thị theo xu hướng đám đông -- Phần 3. Ý nghĩa của hành vi bầy đàn.
|
| 650 |
# |
# |
|a Ảnh hưởng xã hội.
|
| 650 |
# |
# |
|a Hành vi khách hàng.
|
| 650 |
# |
# |
|a Tương tác xã hội.
|
| 650 |
# |
# |
|a Truyền thông trong marketing.
|
| 700 |
# |
# |
|a Minh Thu,
|e dịch giả.
|
| 700 |
# |
# |
|a Hoàng Trung,
|e dịch giả.
|
| 923 |
# |
# |
|a 08/2012
|
| 991 |
# |
# |
|a SH
|
| 992 |
# |
# |
|a 120000
|
| 994 |
# |
# |
|a DLU
|
| 900 |
# |
# |
|a True
|
| 911 |
# |
# |
|a Đào Thị Thu Huyền
|
| 925 |
# |
# |
|a G
|
| 926 |
# |
# |
|a A
|
| 927 |
# |
# |
|a SH
|
| 980 |
# |
# |
|a Thư viện Trường Đại học Đà Lạt
|